Türkiye kadın atlası= Womens atlas of Turkey (Record no. 10476)

MARC details
000 -BAŞLIK
Sabit Uzunlukta Kontrol Alanı 00770na a2200229 4500
001 - KONTROL NUMARASI
Denetim Alanı 23912
003 - KONTROL NUMARASI IDENTIFIER
Denetim Alanı MIRAKIL
005 - SON İŞLEM TARİHİ VE ZAMANI
Denetim Alanı 20181213155323.0
008 - SABİT-BOY VERİ ELEMANLARI - GENEL BİLGİLER
Sabit Uzunlukta Kontrol Alanı 180119b tu 000 0
020 ## - ULUSLARARASI STANDART KİTAP NUMARASI
Uluslararası Standart Kitap Numarası 9759605139
040 ## - KATALOGLAMA KAYNAK
Orijinal Kataloglama Ajansı Milas
Kataloglama Dili tur
Metne Dönüştürmek Ajansı TR-AnCHP
041 ## - DİL KODU
Metin / Ses Parça Veya Ayrı Başlığın Dil Kodu tur
-- eng
082 ## - DEWEY ONLU SINIFLANDIRMA NUMARASI
Sınıflandırma Numarası 305.409561
Ürün Numarası I74t 1999
090 ## - SINIFLAMA NUMARASI
Sınıflama Numarası 305.409561 I74t 1999
100 ## - ANA GİRİŞ - KİŞİSEL İSİM
Kişisel Ad Işık, Oğuz
245 ## - BAŞLIK TABLOSU
Başlık Türkiye kadın atlası= Womens atlas of Turkey
Sorumluluk Tablosu, Vb Oğuz Işık
260 ## - YAYIN, DAĞITIM, VB
Yayın, Dağıtım, Vb Yeri Ankara
Yayıncı, Dağıtıcı, Vs Adı Kadının Sosyal Hayatını Araştırma ve İnceleme Derneği Yayınları
Yayın, Dağıtım, Vb Tarihi 1999
300 ## - FİZİKSEL TANIM
Kapsam Yaklaşık 100 s.
Diğer Fiziksel Ayrıntıları hrt.
Boyutlar 19 sm.
440 ## - SERİSİ TABLOSU / KATMA GİRİŞİ - BAŞLIK
Başlık Kadının Sosyal Hayatını Araştırma ve İnceleme Derneği Yayınları
Hacim / Ardışık Tanımı 15
650 ## - KONU KATMA GİRİŞ - TOPİKAL DÖNEM
Topikal Süreli Veya Coğrafi Ad Giriş Elemanı Kadınlar
Genel Alt Bölümü İstatistikler
Coğrafi Alt Bölümü Türkiye
942 ## - EKLENDİ GİRİŞ ELEMANLARI (KOHA)
Sınıflandırma Veya Raf Düzeni Kaynak Dewey Decimal Classification
Koha Öğesi Türü Books
999 ## - SİSTEM KONTROL NUMARALARI (KOHA)
Koha Biblionumber 10476
Koha Biblioitemnumber 10476
Holdings
Kalıcı Konum Mevcut Konum Edinme Tarihi Edinim Kaynak Toplam Check-Out'Lar Tam Çağrı Numarası Barkod Tarih Son Görülme İtibaren Geçerli Fiyatlar Koha Öğesi Türü
CHP Kütüphanesi CHP Kütüphanesi 01/19/2018 Bağış   305.409561 I74t 1999 017896 01/19/2018 01/19/2018 Books